La experiencia jurídica de Roma: su proyección en el umbral del s. XXI

Saved in:
Bibliografiske detaljer
Hovedforfatter: Panero Gutiérrez, Ricardo (autor)
Format: Bog
Sprog:spansk
Udgivet: Valencia Tirant lo Blanch 1998
Fag:
Tags: Tilføj Tag
Ingen Tags, Vær først til at tagge denne postø!

MARC

LEADER 00000nam a2200000 a 4500
001 UCN2814
003 CL-VaPUC
008 010608e19980000SP |||||||||||||||||spa|d
082 0 4 |a 340.54  |b PAN  |2 21 
100 |a Panero Gutiérrez, Ricardo  |e autor  |9 459004 
245 1 3 |a La experiencia jurídica de Roma: su proyección en el umbral del s. XXI 
300 |a 55 p 
942 |c BK 
945 |d 20010608 00:00:00  |a vberengu 
260 |a Valencia  |b Tirant lo Blanch  |c 1998 
650 0 |a Derecho romano  |9 255930 
650 7 |a EXPERIENCIA JURIDICA  |2 CL-VaPUC  |9 397622 
650 0 |a Juristas  |9 255986 
650 7 |a JURISTAS ROMANOS  |2 CL-VaPUC  |9 455069 
583 |a last modification  |c 20010608 00:00:00  |k Rodrigo Vera 
999 |c 295845  |d 295843 
952 |0 0  |1 0  |4 0  |6 340_540000000000000_PAN_1998  |7 0  |8 DER_ROM  |9 349231  |a BIBDER  |b BIBDER  |d 2019-11-20  |i 3731502  |o 340.54 PAN 1998  |p 3731502  |r 2023-01-25  |w 2019-11-20  |x Ubicación 4to piso  |y BK  |z Este recurso debe solicitarse con anticipación  |k DER